Reducción de NO con CO sobre catalizadores de Pd, Pd-V y Ce-Pd : identificación de especies adsorbidas y en fase gas mediante espectroscopia FTIR /

Guardado en:
Otros Autores: Costilla, Ignacio O. (Disertante), Gigola, Carlos Eugenio. (Orientador), Sánchez, Miguel D. (Orientador)
Formato: Manuscrito
Idioma:Spanish
Publicado: 2011.
Materias:
Acceso en línea:Texto completo
Etiquetas: Agregar Etiqueta
Sin Etiquetas, Sea el primero en etiquetar este registro!
LEADER 01277ntm a22002655a 4500
001 EIQ.libpla004263
008 120410s2011####ag#a#####bm###000#0#spa#d
005 20121121125147.0
245 1 0 |a Reducción de NO con CO sobre catalizadores de Pd, Pd-V y Ce-Pd :  |b identificación de especies adsorbidas y en fase gas mediante espectroscopia FTIR /  |c Ignacio O. Costilla. 
260 |c 2011. 
300 |a [9], 147 p. :  |b il. ;  |c 21 cm. 
500 |a "Tesis de Magister en Ingeniería Química". 
500 |a Directores de tesis: Carlos E. Gigola y Miguel D. Sánchez. 
502 |a Tesis (magister)--Universidad Nacional del Sur. Departamento de Ingeniería Química, 2011. 
530 |a Disponible también en formato digital. 
504 |a Incluye referencias bibliográficas. 
100 1 |a Costilla, Ignacio O.  |4 dis 
700 1 |a Gigola, Carlos Eugenio.  |4 ths 
700 1 |a Sánchez, Miguel D.  |q (Miguel Darío)  |4 ths 
710 2 |a Universidad Nacional del Sur.  |b Departamento de Ingeniería Química  |4 dgg. 
082 0 4 |a 541.395  |2 21 
650 7 |b Catálisis  |x Catalizadores  |x Emisión de gases 
650 7 |b Catalysis  |x Catalysts  |x Gas emission 
856 4 1 |3 Texto completo  |u http://tesis.uns.edu.ar/tde%5Fbusca/arquivo.php?codArquivo=574 
859 |a AR-BbSID  |b BIB. PLAPIQUI  |h 541.395  |i C82  |p 6247